000 00597nam a2200229Ia 4500
003 OSt
005 20220928113113.0
006 a|||||r|||| 00| 0
007 ta
008 220927b |||||||| |||| 00| 0 eng d
024 _a92640
037 _cTextual
040 _aSDCL
_cSDCL
_beng
041 _2eng
_aeng
082 _aX64.2'N9, N6
100 _aKhan M Y
_9416858
245 0 _aIndian financial system.
260 _aNew Delhi
_bTata McGraw-Hill
_c1996
300 _aVarious Pagination
_ccm.
942 _hX64.2'N9, N6
_cTEXL
_2CC
999 _c748119
_d748119